| 000 | 00553nam a22001697a 4500 | ||
|---|---|---|---|
| 999 |
_c41091 _d41091 |
||
| 003 | OSt | ||
| 005 | 20210309122603.0 | ||
| 008 | 210309b ||||| |||| 00| 0 eng d | ||
| 020 | _a9780198069157 | ||
| 040 | _coclc | ||
| 082 |
_a297.40954 _bAQU/S |
||
| 100 |
_98526 _aAquil, Raziuddin |
||
| 245 |
_aSufism Culture And Politics : _bAfghans And Islam In Medieval North India / _cRaziuddin Aquil |
||
| 260 |
_aNew Delhi: _bOxford University Press, _c2015. |
||
| 300 | _a268p | ||
| 942 |
_2ddc _cBK _h297.40954 _iAQU/S _k297.40954 _mAQU/S |
||